000 00753nam a2200253Ia 4500
003 OSt
005 20220928125713.0
006 a|||||r|||| 00| 0
007 ta
008 220927b |||||||| |||| 00| 0 eng d
024 _a33952
037 _cTextual
040 _aSDCL
_cSDCL
_beng
041 _2eng
_aeng
082 _aD6,8(B2895),3, P8
100 _aHardy Alexandre
_9471116
245 0 _aMathematical tools in computer graphics with C# implementations.
260 _aNew Jersey
_bWorld Scientific
_c2008
300 _axviii,475p.
_ccm.
650 _aComputer Graphics
700 _a Steeb Willi-Hans
_9443569
942 _hD6,8(B2895),3, P8
_cTEXL
_2CC
999 _c783759
_d783759